[Event "25.Schlosspark-Open"]
[Site "Wiesbaden-Biebrich"]
[Date "2013.08.24"]
[Round "4.27"]
[White "Friesen, Viktor"]
[Black "Beck, Michael"]
[Result "1-0"]
[WhiteElo "2123"]
[BlackElo "1930"]
[PlyCount "131"]
[EventDate "2013.??.??"]
[WhiteTeam "Herforder SV Königsspr"]
[BlackTeam "SC Flörsheim 1921"]

1. Nf3 Nf6 2. g3 c5 3. Bg2 Nc6 4. d4 e6 5. O-O d5 6. c4 Be7 7. dxc5 Bxc5 8. a3
a5 9. Qc2 Qe7 10. Nc3 dxc4 11. Bg5 Nd4 12. Qa4+ Bd7 13. Qxc4 Nxf3+ 14. Bxf3 Rc8
15. Qh4 Bc6 16. Bxc6+ Rxc6 17. Rac1 O-O 18. Ne4 Bd4 19. e3 Bxb2 20. Rb1 h6 21.
Bxh6 gxh6 22. Rxb2 Kg7 23. Rfb1 Rc7 24. Nxf6 Qxf6 25. Qg4+ Qg6 26. Qxg6+ Kxg6
27. Rxb7 Rc3 28. Ra1 Rfc8 29. Rb5 a4 30. Rb4 R8c4 31. Rxc4 Rxc4 32. Ra2 Rc3 33.
Kg2 Kf5 34. Kf3 h5 35. h3 f6 36. Ra1 e5 37. g4+ hxg4+ 38. hxg4+ Kg5 39. Kg3 Rb3
40. Kf3 f5 41. gxf5 Kxf5 42. Rh1 e4+ 43. Kg3 Rxa3 44. Rh5+ Kf6 45. Kf4 Ra2 46.
Rf5+ Kg6 47. Kxe4 a3 48. f4 Ra1 49. Rg5+ Kf6 50. Ra5 a2 51. Ra6+ Ke7 52. Ra7+
Kf6 53. Ra3 Ke6 54. f5+ Kf6 55. Ra6+ Kg5 56. Rg6+ Kh5 57. Rg2 Kh6 58. Re2 Kg7
59. Ke5 Kf7 60. e4 Ke7 61. Rh2 Kf7 62. Rh7+ Kg8 63. Ra7 Kf8 64. Kf6 Ke8 65. e5
Kd8 66. e6 1-0

[Event "25.Schlosspark-Open"]
[Site "Wiesbaden-Biebrich"]
[Date "2013.08.24"]
[Round "4.28"]
[White "Schmidt, Volker"]
[Black "Kreiling, Carsten"]
[Result "1/2-1/2"]
[WhiteElo "1968"]
[BlackElo "2111"]
[PlyCount "68"]
[EventDate "2013.??.??"]
[WhiteTeam "SAbt TuS Dotzheim"]
[BlackTeam "SVG Eppstein 1932"]

1. c4 Nf6 2. Nc3 e6 3. e4 d5 4. e5 d4 5. exf6 dxc3 6. bxc3 Qxf6 7. d4 c5 8. Nf3
h6 9. Be2 Bd6 10. O-O O-O 11. Be3 Nc6 12. Qc2 e5 13. dxc5 Bc7 14. Rfd1 Qe7 15.
Ne1 f5 16. f3 Be6 17. Rd5 Rad8 18. Rad1 Qf7 19. Rxd8 Rxd8 20. Rxd8+ Bxd8 21.
Bd3 f4 22. Bf2 Bxc4 23. a3 Be7 24. Bh7+ Kh8 25. Bg6 Qf8 26. Qa4 Bf7 27. Bxf7
Qxf7 28. Qb5 Qd5 29. Qxb7 Bxc5 30. Qc8+ Kh7 31. Qf5+ g6 32. Qb1 Bxf2+ 33. Kxf2
Qd2+ 34. Kf1 Qxc3 1/2-1/2

[Event "25.Schlosspark-Open"]
[Site "Wiesbaden-Biebrich"]
[Date "2013.08.24"]
[Round "4.29"]
[White "Karthaus, Carsten"]
[Black "Junker, Christian"]
[Result "0-1"]
[WhiteElo "1965"]
[BlackElo "2100"]
[PlyCount "92"]
[EventDate "2013.??.??"]
[WhiteTeam "SG Stern Stuttgart"]
[BlackTeam "SV 1926 Neu-Isenburg"]

1. e4 e5 2. Nf3 Nf6 3. Nxe5 d6 4. Nf3 Nxe4 5. c4 c6 6. Nc3 Nf6 7. d4 d5 8. cxd5
cxd5 9. Ne5 Nc6 10. Bb5 Bd7 11. Bg5 Be7 12. Qa4 O-O 13. O-O h6 14. Bxf6 Bxf6
15. Nxc6 bxc6 16. Bxc6 Bxc6 17. Qxc6 Bxd4 18. Nxd5 Bxb2 19. Rad1 Qa5 20. Ne7+
Kh8 21. Rd6 Qh5 22. Rd5 Qe2 23. Nf5 Rac8 24. Qb5 Qxb5 25. Rxb5 Bf6 26. Rb7 Rc5
27. Nd6 Ra5 28. Nxf7+ Kg8 29. Nd6 Rxa2 30. Ne4 Bd4 31. Rd7 Bb6 32. Rd2 Rxd2 33.
Nxd2 Rf4 34. g3 Ra4 35. Rd1 Rd4 36. Kf1 Ba5 37. Ke2 Bxd2 38. Rxd2 Rxd2+ 39.
Kxd2 Kf7 40. Kc3 Kf6 41. h4 Ke5 42. f3 Kd5 43. h5 Ke5 44. Kc4 a5 45. Kb5 Kd4
46. Kxa5 Ke3 0-1

[Event "25.Schlosspark-Open"]
[Site "Wiesbaden-Biebrich"]
[Date "2013.08.24"]
[Round "4.30"]
[White "Rödiger, Thomas"]
[Black "Rutsatz, Mario"]
[Result "0-1"]
[WhiteElo "2086"]
[BlackElo "1918"]
[PlyCount "71"]
[EventDate "2013.??.??"]
[WhiteTeam "SC Bad Soden"]
[BlackTeam "Sfr. Frankfurt 1921"]

1. d4 Nf6 2. c4 g6 3. Nc3 d5 4. cxd5 Nxd5 5. e4 Nxc3 6. bxc3 c5 7. Bc4 Bg7 8.
Ne2 Nc6 9. Be3 O-O 10. O-O Na5 11. Bd3 Qc7 12. Rc1 b6 13. Qd2 Rd8 14. h4 e6 15.
h5 Bb7 16. f3 Nc6 17. e5 Nxe5 18. Bf4 Qd7 19. Bb1 Nc6 20. Be4 cxd4 21. cxd4
Rac8 22. Rfd1 Ne7 23. hxg6 hxg6 24. Bg5 Rxc1 25. Qxc1 Rc8 26. Qa3 Bxe4 27. fxe4
Nc6 28. d5 Ne5 29. Qb3 exd5 30. Rxd5 Qg4 31. Qe3 Nc4 32. Qd3 Ne5 33. Qe3 Rc2
34. Ng3 Nc6 35. Qd3 Rc3 36. Qd2 0-1

[Event "25.Schlosspark-Open"]
[Site "Wiesbaden-Biebrich"]
[Date "2013.08.24"]
[Round "4.31"]
[White "Hahn, Florian"]
[Black "Bajer, Renato"]
[Result "1-0"]
[WhiteElo "2078"]
[BlackElo "1923"]
[PlyCount "101"]
[EventDate "2013.??.??"]
[WhiteTeam "SK Gründau"]
[BlackTeam "SF 47 Neckartenzlingen"]

1. d4 d5 2. Nf3 Nf6 3. c4 dxc4 4. e3 e6 5. Bxc4 c5 6. O-O Nbd7 7. Nc3 a6 8. a4
Be7 9. Qe2 cxd4 10. exd4 Nb6 11. Bb3 O-O 12. Re1 h6 13. Qd3 Bd7 14. Ne5 Nbd5
15. Qg3 Nh5 16. Qf3 Nhf6 17. Bxd5 exd5 18. Nxd5 Nxd5 19. Qxd5 Bb4 20. Rd1 Be6
21. Qf3 Bd5 22. Qg3 Kh8 23. Qh3 Be6 24. Qd3 Qd5 25. Bd2 Bd6 26. Bc3 Rad8 27.
Qf3 Bxe5 28. dxe5 Qxf3 29. gxf3 Rxd1+ 30. Rxd1 Rc8 31. Kg2 Rc7 32. Kg3 Rd7 33.
Bd4 Rd5 34. Rd3 g6 35. Kf4 Kg8 36. Ke3 Kf8 37. Rc3 Rd7 38. Bc5+ Kg7 39. Bd6 Bd5
40. f4 Bc6 41. b3 h5 42. f5 gxf5 43. Kf4 f6 44. Kxf5 fxe5 45. Kxe5 Rf7 46. f4
Kg6 47. Rg3+ Kh6 48. Ke6 Rd7 49. f5 Rd8 50. f6 Re8+ 51. Be7 1-0

[Event "25.Schlosspark-Open"]
[Site "Wiesbaden-Biebrich"]
[Date "2013.08.24"]
[Round "4.32"]
[White "Achtmann, Armin"]
[Black "Holgert, Michael"]
[Result "1/2-1/2"]
[WhiteElo "1963"]
[BlackElo "2076"]
[PlyCount "98"]
[EventDate "2013.??.??"]
[WhiteTeam "SAbt TuS Dotzheim"]
[BlackTeam "ESV Lok Raw Cottbus e.V."]

1. b4 e5 2. Bb2 Bxb4 3. Bxe5 Nf6 4. c4 O-O 5. Nf3 Re8 6. e3 d5 7. Be2 c5 8.
cxd5 Nxd5 9. O-O Nc6 10. Bb2 Bf5 11. d3 Qe7 12. e4 Nf4 13. Nc3 Rad8 14. Qc2 Bg4
15. Nd1 Bxf3 16. Bxf3 Nxd3 17. Ne3 Nxb2 18. Qxb2 Rd2 19. Qb3 Nd4 20. Qc4 b5 21.
Qc1 Ne2+ 22. Bxe2 Rxe2 23. Nd5 Qxe4 24. Qg5 Qe5 25. Qxe5 R8xe5 26. Nxb4 cxb4
27. f4 Rc5 28. Rfd1 g6 29. a4 bxa4 30. Rxa4 a5 31. Rda1 Rcc2 32. Rxa5 Rxg2+ 33.
Kf1 Rxh2 34. Kg1 Rhg2+ 35. Kh1 b3 36. f5 b2 37. Ra8+ Kg7 38. f6+ Kxf6 39. Rf1+
Kg7 40. Rxf7+ Kxf7 41. Rf8+ Kg7 42. Rf7+ Kh6 43. Rxh7+ Kg5 44. Rh5+ Kf4 45.
Rf5+ Ke3 46. Rf3+ Kd4 47. Rd3+ Kc5 48. Rd5+ Kb6 49. Rb5+ Kxb5 1/2-1/2

[Event "25.Schlosspark-Open"]
[Site "Wiesbaden-Biebrich"]
[Date "2013.08.24"]
[Round "4.34"]
[White "Lenz, Jonas"]
[Black "Sandten, Ulrich"]
[Result "1/2-1/2"]
[WhiteElo "1930"]
[BlackElo "2073"]
[PlyCount "72"]
[EventDate "2013.??.??"]
[WhiteTeam "SK Bad Homburg 1927"]
[BlackTeam "SF Vonkeln 1931"]

1. e4 c6 2. d4 d5 3. Nd2 dxe4 4. Nxe4 Bf5 5. Ng3 Bg6 6. N1e2 e6 7. Nf4 Bd6 8.
c3 Nf6 9. h4 Bxf4 10. Bxf4 h6 11. Bd3 Bxd3 12. Qxd3 Nbd7 13. O-O-O Qa5 14. Kb1
O-O-O 15. Ne4 Nxe4 16. Qxe4 Qd5 17. Qxd5 cxd5 18. Rde1 b5 19. g4 h5 20. g5 g6
21. Rh3 Kb7 22. Be5 Nxe5 23. Rxe5 Rd7 24. b3 Rc8 25. Kb2 Rdc7 26. a3 a5 27.
Ree3 Kb6 28. Rhf3 b4 29. a4 Ka6 30. Rd3 Rb8 31. Rde3 Rb6 32. Rd3 Ka7 33. Kc2
Kb8 34. Rg3 Kc8 35. Rh3 Kd8 36. Rhg3 Ke8 1/2-1/2

[Event "25.Schlosspark-Open"]
[Site "Wiesbaden-Biebrich"]
[Date "2013.08.24"]
[Round "4.35"]
[White "Kokhnover, Ilia"]
[Black "Trumpp, Lothar"]
[Result "0-1"]
[WhiteElo "1757"]
[BlackElo "2066"]
[PlyCount "108"]
[EventDate "2013.??.??"]
[WhiteTeam "vereinslos"]
[BlackTeam "VSG 1880 Offenbach"]

1. e4 g6 2. d4 d6 3. Be3 Bg7 4. Nc3 e5 5. dxe5 dxe5 6. Qxd8+ Kxd8 7. O-O-O+ Nd7
8. Bc4 f6 9. Nge2 c6 10. Rd3 Kc7 11. Rhd1 Nb6 12. Bb3 Bh6 13. Bxh6 Nxh6 14. f3
Rf8 15. a3 Nf7 16. h3 Ng5 17. Rd6 Nd7 18. h4 Nf7 19. R6d2 Nc5 20. Ba2 a5 21.
Ng3 Ne6 22. h5 Nf4 23. hxg6 hxg6 24. Nf1 Ng5 25. Ne3 b5 26. Ne2 Rh8 27. c3 Rh2
28. Nxf4 exf4 29. Nc2 Be6 30. Bxe6 Nxe6 31. Rd7+ Kb6 32. Rf7 Rxg2 33. Rxf6 Nc5
34. b4 axb4 35. cxb4 Nb3+ 36. Kb2 Nd2 37. Rf7 Rd8 38. Ka2 g5 39. Rg7 Rd3 40.
Ne1 Nxf3+ 41. Nxg2 Rxd1 42. Nxf4 gxf4 43. Rf7 Rd2+ 44. Kb1 Rf2 45. Re7 Re2 46.
Rf7 Rxe4 47. Rf5 Nd4 48. Rf7 f3 49. Kb2 Re3 50. Rf4 Ne2 51. Rf7 Ng3 52. Rf4
Re2+ 53. Kc3 f2 54. Kd3 Ra2 0-1

[Event "25.Schlosspark-Open"]
[Site "Wiesbaden-Biebrich"]
[Date "2013.08.24"]
[Round "4.36"]
[White "Schöber, Sebastian"]
[Black "Kolker, Vladislav"]
[Result "0-1"]
[WhiteElo "1730"]
[BlackElo "2054"]
[PlyCount "138"]
[EventDate "2013.??.??"]
[WhiteTeam "SC Rochade 69 Diez e. V."]
[BlackTeam "SC Bad Nauheim"]

1. c4 Nf6 2. g3 g6 3. Nc3 Bg7 4. e4 d6 5. Nge2 O-O 6. Bg2 e5 7. O-O Nc6 8. h3
Be6 9. d3 Qd7 10. Kh2 Ne8 11. Be3 f5 12. f4 Nf6 13. Qd2 Rae8 14. b3 Nh5 15.
Rad1 Nd4 16. Rf2 c6 17. Rdf1 Rf7 18. Rd1 Ref8 19. Rdf1 a6 20. Qd1 Kh8 21. exf5
Nxf5 22. Bd2 exf4 23. gxf4 Nh4 24. Ne4 h6 25. Ng1 Bd4 26. Bc3 Bxc3 27. Nxc3
Nxg2 28. Rxg2 Nxf4 29. Rg3 g5 30. Ne4 Bf5 31. Qa1+ Kh7 32. Qd4 Bxe4 33. Qxe4+
Qf5 34. Qxf5+ Rxf5 35. Re3 Kg6 36. d4 h5 37. Re7 R8f7 38. Re8 d5 39. Rg8+ Kf6
40. Rf3 Ne6 41. Rxf5+ Kxf5 42. Nf3 Rg7 43. Re8 g4 44. hxg4+ hxg4 45. Nh4+ Kf6
46. cxd5 cxd5 47. Kg3 Nxd4 48. Ng2 Ne6 49. Ne3 d4 50. Nd5+ Kf5 51. Rh8 d3 52.
Rh5+ Ke4 53. Nf6+ Kd4 54. Rd5+ Kc3 55. Re5 Nd4 56. Nd5+ Kb2 57. Re1 Ne2+ 58.
Kg2 Nc3 59. Ne3 d2 60. Nc4+ Kc2 61. Rf1 d1=N 62. Rf6 Nxa2 63. Rb6 g3 64. Na3+
Kd2 65. Nb1+ Ke2 66. Re6+ Ne3+ 67. Kg1 g2 68. Na3 Rh7 69. Nc4 Rh1# 0-1

[Event "25.Schlosspark-Open"]
[Site "Wiesbaden-Biebrich"]
[Date "2013.08.24"]
[Round "4.37"]
[White "Kempfer, Justus"]
[Black "Feicht, Arno"]
[Result "1/2-1/2"]
[WhiteElo "1683"]
[BlackElo "2049"]
[PlyCount "60"]
[EventDate "2013.??.??"]
[WhiteTeam "SJ Herborn 1998"]
[BlackTeam "Sfr. Anderssen Wetzlar"]

1. e4 e6 2. d4 d5 3. Nd2 Be7 4. Bd3 Nf6 5. e5 Nfd7 6. f4 c5 7. c3 Nc6 8. Ne2
O-O 9. O-O Qb6 10. Nf3 f6 11. Qc2 f5 12. Qd1 g5 13. Kh1 g4 14. Ng5 Nd8 15. Bc2
h6 16. h3 hxg5 17. hxg4 Rf7 18. Ng3 Rh7+ 19. Kg1 cxd4 20. cxd4 Nc6 21. Be3 gxf4
22. gxf5 fxe3 23. fxe6 Qxd4 24. Bxh7+ Kh8 25. Qh5 e2+ 26. Rf2 Qh4 27. Qe8+ Nf8
28. Rxf8+ Bxf8 29. Qxf8+ Kxh7 30. Qf7+ Kh8 1/2-1/2

[Event "25.Schlosspark-Open"]
[Site "Wiesbaden-Biebrich"]
[Date "2013.08.24"]
[Round "4.38"]
[White "Wagner, Dirk"]
[Black "Wilke, Tabea"]
[Result "1-0"]
[WhiteElo "2049"]
[BlackElo "1749"]
[PlyCount "99"]
[EventDate "2013.??.??"]
[WhiteTeam "SC Matt im Park Ffm"]
[BlackTeam "SC 1979 Hattersheim"]

1. d4 d5 2. c4 e6 3. Nc3 Nf6 4. cxd5 exd5 5. Bg5 Be7 6. e3 O-O 7. Bd3 Re8 8.
Qc2 Nbd7 9. Nge2 Nf8 10. O-O c6 11. Rae1 Ne4 12. Bxe7 Qxe7 13. f3 Nf6 14. e4
dxe4 15. fxe4 Be6 16. Nf4 Qd6 17. Nce2 Qb4 18. a3 Qb6 19. Kh1 Bb3 20. Qd2 Nxe4
21. Qe3 Nf6 22. Qg3 Rad8 23. h4 c5 24. dxc5 Qxc5 25. Bxh7+ N8xh7 26. Qxb3 Rd7
27. Qc3 Ne4 28. Qxc5 Nxc5 29. Nc3 Rde7 30. Rxe7 Rxe7 31. Ncd5 Re5 32. Rc1 Nd3
33. Rc8+ Nf8 34. Nf6+ gxf6 35. Nxd3 Re4 36. g3 Re3 37. Nc5 Re1+ 38. Kg2 Rc1 39.
Rc7 a5 40. b4 axb4 41. axb4 b6 42. Na6 Rxc7 43. Nxc7 Nd7 44. Kf3 Kh7 45. Kf4
Kh6 46. Kf5 Kh5 47. Nd5 b5 48. Nxf6+ Nxf6 49. Kxf6 Kg4 50. Kxf7 1-0

[Event "25.Schlosspark-Open"]
[Site "Wiesbaden-Biebrich"]
[Date "2013.08.24"]
[Round "4.39"]
[White "Reh, Stefan"]
[Black "Hoffmann, Jens"]
[Result "1/2-1/2"]
[WhiteElo "2048"]
[BlackElo "1655"]
[PlyCount "61"]
[EventDate "2013.??.??"]
[WhiteTeam "SC 1934 Gelnhausen"]
[BlackTeam "SF HN-Biberach 1978 e.V."]

1. e4 c5 2. c3 g6 3. d4 cxd4 4. cxd4 d5 5. exd5 Nf6 6. Bb5+ Bd7 7. Bc4 Bf5 8.
Nc3 Nbd7 9. Bg5 Bg7 10. Nge2 Nb6 11. Bxf6 Bxf6 12. Bb3 O-O 13. O-O Rc8 14. Ng3
Qd7 15. Re1 Rfe8 16. Nge4 Bxe4 17. Rxe4 a6 18. Qe2 Rc7 19. Re1 Nc8 20. h4 Nd6
21. Rf4 Nf5 22. Ne4 Kf8 23. Nxf6 exf6 24. Re4 Rxe4 25. Qxe4 Qe7 26. Qb1 Qb4 27.
Re4 Qd2 28. Re1 Qxd4 29. Rd1 Qxh4 30. Qd3 Qf4 31. d6 1/2-1/2

[Event "25.Schlosspark-Open"]
[Site "Wiesbaden-Biebrich"]
[Date "2013.08.24"]
[Round "4.41"]
[White "Stimpel, Franz"]
[Black "Bolduan, Michael"]
[Result "1-0"]
[WhiteElo "2175"]
[BlackElo "1862"]
[PlyCount "83"]
[EventDate "2013.??.??"]
[WhiteTeam "Wiesbadener SV 1885"]
[BlackTeam "SC Taunusstein 1966"]

1. d4 e6 2. c4 f5 3. g3 Nf6 4. Bg2 d5 5. Nh3 c6 6. Nd2 Bd6 7. Qc2 O-O 8. Nf3 b6
9. O-O Bb7 10. Bf4 Na6 11. cxd5 cxd5 12. Rac1 h6 13. Bxd6 Qxd6 14. Nf4 Nb4 15.
Qa4 Bc6 16. Qa3 a5 17. Ne5 Rfc8 18. Rc3 Ne8 19. Rfc1 Bb7 20. Rxc8 Rxc8 21. Rxc8
Bxc8 22. Qa4 Nc7 23. a3 Nba6 24. e3 Nb8 25. Bf1 Nd7 26. Nfd3 Kh7 27. h4 Nxe5
28. Nxe5 Ba6 29. Bxa6 Nxa6 30. Qe8 Nc7 31. Qg6+ Kg8 32. Qf7+ Kh7 33. Nd7 Kh8
34. h5 b5 35. Nf8 b4 36. axb4 axb4 37. b3 Qc6 38. Kg2 Qd6 39. Kg1 Qc6 40. Qe7
Qc3 41. Ng6+ Kh7 42. Qf8 1-0

[Event "25.Schlosspark-Open"]
[Site "Wiesbaden-Biebrich"]
[Date "2013.08.24"]
[Round "4.42"]
[White "Böhmer, Thomas"]
[Black "Rüll, Michael"]
[Result "1/2-1/2"]
[WhiteElo "2056"]
[BlackElo "1854"]
[PlyCount "61"]
[EventDate "2013.??.??"]
[WhiteTeam "Wiesbadener SV 1885"]
[BlackTeam "SC 1952 Obertshausen"]

1. d4 Nf6 2. c4 g6 3. Nc3 Bg7 4. e4 d6 5. Be2 O-O 6. Nf3 Nbd7 7. O-O e5 8. dxe5
dxe5 9. Be3 Qe8 10. Ne1 c6 11. Qd6 Kh8 12. Rd1 Ng8 13. Nc2 f5 14. f3 f4 15. Bf2
g5 16. b4 Rf6 17. Qc7 Bf8 18. Qa5 Qh5 19. Rd2 b6 20. Qa4 Rh6 21. h3 Nc5 22.
Bxc5 Bxc5+ 23. bxc5 Bxh3 24. Bd1 Rd8 25. Nd5 cxd5 26. cxd5 Bd7 27. Qb4 bxc5 28.
Qxc5 a6 29. Na3 Rc8 30. Qa7 Rc3 31. Qxd7 1/2-1/2

[Event "25.Schlosspark-Open"]
[Site "Wiesbaden-Biebrich"]
[Date "2013.08.24"]
[Round "4.43"]
[White "Reinert, Stephane"]
[Black "Englert, Fred"]
[Result "1-0"]
[WhiteElo "2050"]
[BlackElo "1841"]
[PlyCount "71"]
[EventDate "2013.??.??"]
[WhiteTeam "SC Bad Nauheim"]
[BlackTeam "SK 1982 Klingenberg/Main"]

1. d4 d5 2. Bg5 Nf6 3. Bxf6 exf6 4. g3 Be7 5. Bg2 c6 6. e3 Bf5 7. Ne2 Qa5+ 8.
Nd2 Na6 9. O-O O-O 10. c4 dxc4 11. Nxc4 Qc7 12. a3 Rad8 13. b4 Be6 14. Rc1 Bd5
15. e4 Bxc4 16. Rxc4 Qb6 17. Qc2 Rd7 18. Rd1 Nc7 19. Bh3 Rd6 20. d5 Nb5 21. Rd3
Rfd8 22. a4 Nc7 23. b5 Ne6 24. bxc6 Ng5 25. Bg2 bxc6 26. h4 cxd5 27. exd5 Ne6
28. Rb3 Qa6 29. dxe6 fxe6 30. Rb5 Rd1+ 31. Kh2 Qd6 32. Rc6 Qa3 33. Rxe6 R1d2
34. Qc4 Kf8 35. Rb7 Bc5 36. Re8+ 1-0

[Event "25.Schlosspark-Open"]
[Site "Wiesbaden-Biebrich"]
[Date "2013.08.24"]
[Round "4.44"]
[White "Beck, Andreas"]
[Black "Muuss, Klaus"]
[Result "0-1"]
[WhiteElo "1884"]
[BlackElo "2009"]
[PlyCount "78"]
[EventDate "2013.??.??"]
[WhiteTeam "TSV Germania 1900 Malschenberg"]
[BlackTeam "VSF Flintbek"]

1. e4 c5 2. Nc3 Nc6 3. f4 g6 4. Nf3 Bg7 5. Bb5 Nd4 6. O-O a6 7. Bc4 e6 8. a4
Ne7 9. d3 O-O 10. Ba2 b5 11. Kh1 Rb8 12. axb5 axb5 13. Nxd4 Bxd4 14. Ne2 Bg7
15. d4 cxd4 16. Nxd4 Nc6 17. Be3 Nxd4 18. Bxd4 Bxd4 19. Qxd4 Qb6 20. Rad1 Qxd4
21. Rxd4 Bb7 22. e5 Bc6 23. Kg1 Kg7 24. c3 Ra8 25. Bb3 Ra7 26. Rfd1 Rfa8 27.
Kf2 Ra1 28. g3 h5 29. Rxa1 Rxa1 30. Rd2 Kf8 31. Ke3 Ke7 32. Bc2 Rh1 33. Bb3 Rg1
34. c4 h4 35. gxh4 Rg4 36. h5 gxh5 37. c5 Rg1 38. Rf2 h4 39. Kd4 f5 {ZÜ} 0-1

[Event "25.Schlosspark-Open"]
[Site "Wiesbaden-Biebrich"]
[Date "2013.08.24"]
[Round "4.45"]
[White "Bogucanin, Mirsad"]
[Black "Eg, Karlheinz"]
[Result "1-0"]
[WhiteElo "1837"]
[BlackElo "1999"]
[PlyCount "95"]
[EventDate "2013.??.??"]
[WhiteTeam "VSG 1880 Offenbach"]
[BlackTeam "SV Rüsselsheim 1929"]

1. e4 e5 2. Nf3 Nc6 3. d4 exd4 4. Nxd4 Nf6 5. Nxc6 bxc6 6. Bd3 d6 7. O-O Be7 8.
c4 O-O 9. Nc3 Rb8 10. b3 d5 11. cxd5 cxd5 12. Nxd5 Nxd5 13. exd5 Bf6 14. Rb1
Bb7 15. Be4 Re8 16. Qd3 h6 17. Bf4 Be5 18. Bxe5 Rxe5 19. f4 Re7 20. Rfd1 Qe8
21. Bf3 Rd8 22. Qc4 Rd6 23. b4 Re3 24. Kf2 Ra3 25. Rd3 Rxd3 26. Qxd3 c6 27. Qd4
Qb8 28. Re1 Rd7 29. Re5 cxd5 30. g3 a6 31. Qe3 Rd8 32. Qb6 Qc8 33. Bg4 Qb8 34.
Re7 Ba8 35. Qxb8 Rxb8 36. Rd7 Kf8 37. a3 Ke8 38. Ra7 Bb7 39. Be2 d4 40. Bxa6
Be4 41. Rc7 Rd8 42. Rc8 Rxc8 43. Bxc8 Bc6 44. Ke2 Bb5+ 45. Kd2 Ke7 46. Bf5 Kd6
47. Bd3 Bd7 48. Bc4 1-0

[Event "25.Schlosspark-Open"]
[Site "Wiesbaden-Biebrich"]
[Date "2013.08.24"]
[Round "4.46"]
[White "Böddeker, Henry"]
[Black "Klyszcz, Michael"]
[Result "1-0"]
[WhiteElo "1744"]
[BlackElo "1999"]
[PlyCount "55"]
[EventDate "2013.??.??"]
[WhiteTeam "SV 1920 Hofheim"]
[BlackTeam "SG 1871 Löberitz"]

1. e4 d6 2. d4 Nf6 3. Nc3 c6 4. f4 Qa5 5. Bd2 e5 6. Nf3 Nbd7 7. Bc4 Be7 8. Qe2
Qc7 9. a4 O-O 10. O-O exd4 11. Nxd4 Nb6 12. Ba2 Bg4 13. Qf2 c5 14. Nf3 Bd7 15.
a5 Na4 16. e5 Ng4 17. Qg3 Nxc3 18. Bxc3 Qc8 19. h3 Nh6 20. e6 Nf5 21. exd7 Qxd7
22. Qg4 h5 23. Qxh5 Ng3 24. Qg6 Nf5 25. Ng5 Bxg5 26. fxg5 Nd4 27. Bxd4 cxd4 28.
Qf5 1-0

[Event "25.Schlosspark-Open"]
[Site "Wiesbaden-Biebrich"]
[Date "2013.08.24"]
[Round "4.47"]
[White "Carow, Annelen"]
[Black "Siegismund, Florian"]
[Result "1-0"]
[WhiteElo "1997"]
[BlackElo "1813"]
[PlyCount "83"]
[EventDate "2013.??.??"]
[WhiteTeam "Sfr.Heidesheim"]
[BlackTeam "SK Bad Schwalbach"]

1. d4 Nf6 2. c4 e6 3. Nc3 d5 4. cxd5 Nxd5 5. Nf3 Nxc3 6. bxc3 c5 7. e3 cxd4 8.
cxd4 Be7 9. Bd3 O-O 10. O-O Nc6 11. Bb2 Nb4 12. Bb1 b6 13. a3 Nd5 14. Qc2 g6
15. e4 Nf6 16. Ne5 Bb7 17. Nc6 Bxc6 18. Qxc6 Rc8 19. Qb5 Qc7 20. Qe2 Qf4 21. h3
Rfd8 22. g3 Qg5 23. Bd3 Qa5 24. Rfd1 Bf8 25. a4 Bg7 26. Bb5 Qb4 27. Rab1 Ne8
28. Ba1 Qe7 29. Qe3 Nd6 30. Kg2 Nxb5 31. axb5 Rc4 32. Rd3 Qd7 33. d5 Bxa1 34.
Rxa1 exd5 35. Rxd5 Qe7 36. Rxa7 Qxa7 37. Rxd8+ Kg7 38. Rd5 Qe7 39. Rd4 Rc5 40.
Qd3 Re5 41. Qc3 Qc5 42. Rc4 1-0

[Event "25.Schlosspark-Open"]
[Site "Wiesbaden-Biebrich"]
[Date "2013.08.24"]
[Round "4.48"]
[White "Schellen, Sven"]
[Black "Diez, Gerhard"]
[Result "0-1"]
[WhiteElo "1805"]
[BlackElo "1996"]
[PlyCount "42"]
[EventDate "2013.??.??"]
[WhiteTeam "Sfr. Frankfurt 1921"]
[BlackTeam "SC Bad Nauheim"]

1. d4 Nf6 2. c4 e6 3. g3 d5 4. Bg2 dxc4 5. Qa4+ Bd7 6. Qxc4 Nc6 7. Nf3 Rc8 8.
O-O Na5 9. Qc2 c5 10. Qd1 Bc6 11. dxc5 Bxc5 12. Bd2 Nc4 13. Bc3 O-O 14. Qc2 h6
15. Bxf6 Qxf6 16. Qxc4 Bxf3 17. Qc3 Bxe2 18. Qxf6 gxf6 19. Re1 Ba6 20. Re4 f5
21. Rh4 Be7 0-1

[Event "25.Schlosspark-Open"]
[Site "Wiesbaden-Biebrich"]
[Date "2013.08.24"]
[Round "4.49"]
[White "Troidl, Thomas"]
[Black "Klimshin, Ilia"]
[Result "1-0"]
[WhiteElo "1991"]
[BlackElo "1723"]
[PlyCount "121"]
[EventDate "2013.??.??"]
[WhiteTeam "TSV Kareth-Lappersdorf"]
[BlackTeam "vereinslos"]

1. e4 d5 2. exd5 Qxd5 3. Nc3 Qd6 4. Nf3 Nf6 5. g3 a6 6. Bg2 Bg4 7. O-O Nc6 8.
d3 e6 9. Bf4 Qd7 10. h3 Bh5 11. g4 Bg6 12. a3 Bd6 13. Qd2 Bxf4 14. Qxf4 Qd6 15.
Qa4 O-O 16. b4 b5 17. Qb3 Rab8 18. Rfe1 Nd4 19. Nxd4 Qxd4 20. Ne2 Qd6 21. Rad1
h6 22. Qb2 Rfd8 23. Nc1 Qd4 24. Qxd4 Rxd4 25. Nb3 Rd6 26. Nc5 Nd7 27. Nb7 Rb6
28. Na5 Kf8 29. Nc6 Rc8 30. c4 bxc4 31. dxc4 Nb8 32. Na7 Re8 33. c5 Rb5 34.
Nxb5 axb5 35. Rd2 Ke7 36. f4 Rd8 37. Rxd8 Kxd8 38. Ra1 Bc2 39. Ra2 Bb3 40. Rd2+
Ke7 41. Kf2 Nd7 42. Bc6 Nf6 43. Ke3 Bc4 44. g5 hxg5 45. fxg5 Nd5+ 46. Bxd5 exd5
47. Kf4 c6 48. Rd1 g6 49. Re1+ Kd7 50. Ke5 Ke7 51. Re3 Ba2 52. Rf3 Bb1 53. Rf6
Bf5 54. h4 Be6 55. h5 gxh5 56. g6 d4 57. g7 d3 58. g8=Q d2 59. Rxe6+ fxe6 60.
Qxe6+ Kf8 61. Qd6+ 1-0

[Event "25.Schlosspark-Open"]
[Site "Wiesbaden-Biebrich"]
[Date "2013.08.24"]
[Round "4.50"]
[White "Anhalt, Albert"]
[Black "Schmid, Eugen"]
[Result "1/2-1/2"]
[WhiteElo "1776"]
[BlackElo "1959"]
[PlyCount "114"]
[EventDate "2013.??.??"]
[WhiteTeam "SG Turm Idstein"]
[BlackTeam "SV Herrenberg e.V."]

1. e4 e6 2. d4 d5 3. e5 c5 4. c3 Qb6 5. Nf3 Nc6 6. Be2 Bd7 7. O-O Nge7 8. Na3
cxd4 9. cxd4 Nf5 10. Nc2 Be7 11. a3 a5 12. Rb1 a4 13. Re1 O-O 14. Bd3 Kh8 15.
Bxf5 exf5 16. h4 h6 17. Ne3 Be6 18. Qd3 Qb3 19. Qxb3 axb3 20. Bd2 Ra4 21. Bc3
f4 22. Nf1 Bf5 23. Rbc1 g5 24. hxg5 hxg5 25. Red1 Bc2 26. Rd2 Bf5 27. Rdd1 Rc8
28. N1d2 Bc2 29. Re1 b5 30. e6 f6 31. g3 fxg3 32. fxg3 Kg7 33. g4 b4 34. axb4
Nxb4 35. Ra1 Na2 36. Kf2 Rc6 37. Nb1 Raa6 38. Bd2 Rxe6 39. Rxe6 Rxe6 40. Nc3
Nxc3 41. Bxc3 Kg6 42. Ra5 Rc6 43. Rxd5 Rxc3 44. bxc3 b2 45. Nd2 b1=Q 46. Nxb1
Bxb1 47. Rd7 Kf7 48. d5 Ke8 49. Rc7 Kd8 50. Rc6 f5 51. gxf5 Bxf5 52. c4 Bd7 53.
Rg6 Bc5+ 54. Kg3 g4 55. Kf4 Kc7 56. Ke4 Bf2 57. Kf4 Bc5 1/2-1/2

[Event "25.Schlosspark-Open"]
[Site "Wiesbaden-Biebrich"]
[Date "2013.08.24"]
[Round "4.51"]
[White "Rump, Andreas"]
[Black "Klebs, Sebastian"]
[Result "1-0"]
[WhiteElo "1954"]
[BlackElo "1707"]
[PlyCount "155"]
[EventDate "2013.??.??"]
[WhiteTeam "SG Turm Idstein"]
[BlackTeam "VfR-SC Koblenz"]

1. e4 c5 2. Nf3 e6 3. d4 cxd4 4. Nxd4 a6 5. Nc3 Qc7 6. Be3 Bb4 7. Qd2 Nf6 8. f3
d5 9. a3 Bxc3 10. bxc3 dxe4 11. Bg5 Nbd7 12. c4 O-O 13. Be2 b6 14. O-O Bb7 15.
f4 Rfe8 16. Kh1 Rad8 17. Qe3 Qc5 18. c3 Nb8 19. Qg3 Kh8 20. Qh4 Qe7 21. Rab1
Nbd7 22. a4 Ba8 23. Rb4 Nc5 24. Ra1 Ncd7 25. a5 bxa5 26. Rxa5 Nb8 27. Qe1 Nc6
28. Nxc6 Bxc6 29. Rxa6 Rd6 30. Rbb6 Qd7 31. c5 Rd2 32. Rxc6 Rd8 33. Rd6 Rxd6
34. Rxd6 Qc7 35. Bxf6 gxf6 36. Qd2 Ra8 37. h3 Ra1+ 38. Kh2 Qxc5 39. Qd4 Qf5 40.
Qf2 h6 41. Rd8+ Kh7 42. Qg3 Qg6 43. Qxg6+ Kxg6 44. Rd1 Ra2 45. Re1 Rc2 46. c4
Kf5 47. g3 e5 48. fxe5 Kxe5 49. Kg2 f5 50. Kf2 f4 51. gxf4+ Kxf4 52. Rd1 f5 53.
Rd4 Ke5 54. Rd5+ Ke6 55. h4 f4 56. Ke1 f3 57. Bf1 e3 58. Bh3+ Kf6 59. Rf5+ Kg7
60. Rxf3 Rxc4 61. h5 Rh4 62. Rg3+ Kf7 63. Bg4 Kf6 64. Bf3 Ke5 65. Rg8 Kf4 66.
Rf8+ Kg5 67. Ke2 Rh2+ 68. Kxe3 Ra2 69. Rg8+ Kf5 70. Rg6 Ra3+ 71. Kf2 Ra2+ 72.
Be2 Ra4 73. Rxh6 Rh4 74. Kg3 Rh1 75. Bg4+ Ke5 76. Re6+ Kd4 77. Re8 Kc5 78. Kf4
1-0